JRの駅がある自治体だけ選ぶ -サドンデス- - Statistics

General Stats
  • This quiz has been taken 5,168 times
  • The average score is 6 of 22
Answers on the Grid
Answers color-coded by a green-red scale on the quiz's grid according to % correct below.
千代田区
新宿区
練馬区
世田谷区
足立区
目黒区
西東京市
東村山市
多摩市
武蔵野市
伊勢崎市
館林市
佐野市
つくば市
野田市
春日部市
秩父市
本庄市
逗子市
厚木市
名古屋市
北名古屋市
豊田市
刈谷市
常滑市
美濃市
鈴鹿市
志摩市
長岡京市
大阪市
東大阪市
松原市
豊中市
枚方市
門真市
守口市
伊丹市
丹波市
福岡市
太宰府市
朝倉市
筑後市
札幌市
那覇市
 
Answer Stats
Answer % Correct
新宿区
86%
千代田区
78%
足立区
40%
名古屋市
35%
札幌市
32%
大阪市
31%
福岡市
29%
武蔵野市
26%
本庄市
25%
逗子市
25%
伊勢崎市
23%
佐野市
21%
長岡京市
21%
刈谷市
20%
伊丹市
16%
東大阪市
15%
丹波市
13%
鈴鹿市
11%
筑後市
11%
枚方市
8%
太宰府市
8%
東村山市
7%
No matching quizzes found
Score Distribution
Percent of People with Each Score
Percentile by Number Answered
Your Score History
You have not taken this quiz